| 000 | 00660nam a2200205 4500 | ||
|---|---|---|---|
| 001 | 139375 | ||
| 003 | ES-MaACL | ||
| 005 | 20250804062547.0 | ||
| 007 | t| | ||
| 008 | 070214s1971 sp r ||||1| spa d | ||
| 100 | 1 |
_aSartre, Jean-Paul, _d1905-1980 _9103897 |
|
| 245 | 1 | 0 |
_aBosquejo de una teoría de las emociones / _cJean-Paul Sartre ; traducción de Mónica Acheroff. |
| 260 |
_aMadrid : _bAlianza, _c1971. |
||
| 300 |
_a135 p. ; _c18 cm. |
||
| 490 | 1 |
_aEl libro de bolsillo ; _v298 |
|
| 700 | 1 |
_aAcheroff, Mónica. _918266 |
|
| 830 | 0 | 3 |
_aEl libro de bolsillo _v298 _9177802 |
| 852 |
_aES-MaACL _jC-40363 _bR.76955 |
||
| 999 |
_c139375 _d139375 |
||